000 00641nam a2200193Ia 4500
003 IN-BaIIA
008 211028s9999 xx 000 0 eng d
040 _cIIA Library
080 _a083.7:621.874
_bISI
110 _aIndian Standards Institution
245 0 _aIndian standard code of practice for design of overhead travelling cranes and gantry cranes other than steel work cranes
_cIndian Standards Institution
260 _aNew Delhi
_bIndian Standards Institution
_c1965
300 _a40p.
500 _aIS 3177 : 1965
650 _a Cranes - standards
_99177
650 _a Standards 
650 _aNASA thesaurus 
942 _cBK
999 _c5188
_d5188